Bush dúfa, že konečne naštartoval ekonomiku
Analytici tvrdia, že sa blíži obdobie výraznejšieho rastu HDP a zamestnanosti v USA. Prehľad výsledkov ministerstva obchodu USA za tretí štvrťrok 2003. Prognózy na nasledujúci štvrťrok.
Salvato in:
| Autore principale: | |
|---|---|
| Natura: | Capitolo di libro |
| Lingua: | slovacco |
| Soggetti: | |
| Tags: |
Nessun Tag, puoi essere il primo ad aggiungerne!!
|
MARC
| LEADER | 00000naa$a2200000$$$4500 | ||
|---|---|---|---|
| 001 | 0001407 | ||
| 005 | 20230925123536.3 | ||
| 041 | 0 | |a slo | |
| 044 | |a SK | ||
| 245 | 1 | 0 | |a Bush dúfa, že konečne naštartoval ekonomiku |c aut. Braňo Ondrášik |
| 520 | |a Analytici tvrdia, že sa blíži obdobie výraznejšieho rastu HDP a zamestnanosti v USA. Prehľad výsledkov ministerstva obchodu USA za tretí štvrťrok 2003. Prognózy na nasledujúci štvrťrok. | ||
| 610 | 2 | 0 | |a USA |
| 610 | 2 | 0 | |a ukazovatele ekonomické |
| 610 | 2 | 0 | |a vývoj hospodársky |
| 610 | 2 | 0 | |a prognózy hospodárske |
| 610 | 2 | 0 | |a zamestnanosť |
| 610 | 2 | 0 | |a rast hospodársky |
| 100 | 1 | |a Ondrášik, Braňo | |